Arancino o Arancina? - Morte improvvisa - Statistics

Statistiche generali
  • Questo quiz è stato fatto 83 volte
  • Il punteggio medio è 3 su 15
Answers on the Grid
Answers color-coded by a green-red scale on the quiz's grid according to % correct below.
Acireale
Agrigento
Augusta
Avola
Bagheria
Caltagirone
Caltanissetta
Canicattì
Catania
Cefalù
Enna
Gela
Lipari
Marsala
Mazara del Vallo
Messina
Milazzo
Modica
Nicosia
Noto
Palermo
Ragusa
Randazzo
Reggio Calabria
Siracusa
Taormina
Termini Imerese
Trapani
Villa San Giovanni
Vittoria
 
Statistiche sulle risposte
Risposta % Corretto
Acireale
65%
Catania
52%
Messina
30%
Enna
22%
Reggio Calabria
22%
Siracusa
22%
Milazzo
17%
Augusta
13%
Taormina
13%
Lipari
4%
Nicosia
4%
Villa San Giovanni
4%
Caltagirone
0%
Canicattì
0%
Randazzo
0%
Nessun quiz corrispondente trovato
Distribuzione punteggi
Percentuale di utenti per punteggio
Percentile per numero di risposta
I tuoi punteggi nel tempo
Non hai fatto questo quiz